| 000 | 00352nam a2200133Ia 4500 | ||
|---|---|---|---|
| 999 |
_c14855 _d14855 |
||
| 082 | _aTR.0276 | ||
| 100 | _aRetnaraj, G. Hudson | ||
| 245 | 0 | _aHistory of Malabar (from 1919 to 1947) | |
| 260 |
_c1985 _bMadurai Kamaraj University |
||
| 300 | _a244p. + C D - 32 | ||
| 650 | _aMALABAR - HISTORY - 1919-1947 | ||
| 710 | _aSobhanan, B. | ||
| 942 |
_cTH _2ddc |
||